Najväčšia emisia štátnych dlhopisov na Slovensku

Emisie štátnych dlhopisov vydalo Ministerstvo financií SR na krytie schodku štátneho rozpočtu SR, ktorý bol v roku 1993 vyše 23 mld korún. MF SR vydalo 16. mája 1995 v poradí jedenástu emisiu štátnych dlhopisov. Nominálna hodnota dlhopisov, vyplácanie výnosu. Prostriedky z dlhopisov budú použité na...

Description complète

Enregistré dans:
Détails bibliographiques
Auteur principal: Šnajdr, R.
Format: Chapitre de livre
Langue:slovaque
Sujets:
Tags: Ajouter un tag
Pas de tags, Soyez le premier à ajouter un tag!

MARC

LEADER 00000naa a2200000 4500
001 r019521
005 20221205103016.9
041 0 |a slo 
044 |a SK 
245 1 0 |a Najväčšia emisia štátnych dlhopisov na Slovensku  |c R. Šnajdr 
520 |a Emisie štátnych dlhopisov vydalo Ministerstvo financií SR na krytie schodku štátneho rozpočtu SR, ktorý bol v roku 1993 vyše 23 mld korún. MF SR vydalo 16. mája 1995 v poradí jedenástu emisiu štátnych dlhopisov. Nominálna hodnota dlhopisov, vyplácanie výnosu. Prostriedky z dlhopisov budú použité na splácanie schodku štátneho rozpočtu. Výsledky primárnej emisie. 
610 2 0 |a emisia 
610 2 0 |a dlhopisy 
610 2 0 |a máj 
610 2 0 |a 1995 
610 2 0 |a MF SR Bratislava 
610 2 0 |a aukcie 
610 2 0 |a rozpočet štátny 
610 2 0 |a 1993 
610 2 0 |a deficit 
100 1 |a Šnajdr, R.